000 00621cam a22002173a 4500
001 45500
003 PGUSA
005 20140828084043.0
008 140426s2014||||xxu|||||s|||||000 | eng d
040 _aPGUSA
_beng
042 _adc
100 1 _aKrohn, Julius,
_d1835-1888
245 1 0 _aNuoren ylioppilaan kirjeitä 1850-luvulta
_h[electronic resource] /
_cJulius Krohn
260 _bProject Gutenberg,
_c2014
506 _aPublic domain in the USA.
516 _aElectronic text
700 1 _aSetälä, Helmi
830 0 _aProject Gutenberg
_v45500
856 4 0 _uhttp://www.gutenberg.org/ebooks/45500
942 _cEB
999 _c274751
_d274751